000 01536nam0a2200349 4500
001 RU\NLR\BIBL_A\012617744
005 20260607044231.0
010 _a978-5-00165-281-6
035 _a(NLR Aleph) 012617744
090 _a12629410
_c12629410
100 _a20211012d2021 |||y0rusy50 ca
101 0 _arus
102 _aRU
105 _aa z 000zy
181 0 _ai3
_baxxe
182 0 _an
200 1 _aСказания о воинах-зверях
_fВольфганг Акунов
_g[Независимый альянс]
203 _aТекст
_bвизуальный
_cнепосредственный
210 _aСанкт-Петербург
_cАлетейя
_d2021
215 _a271, [3] с., [4] л. ил., цв. ил.
_d22
225 1 _aДокументы и материалы древней и новой истории Суверенного Военного ордена Иерусалимского храма
_fпод ред. д. чл. Акад. воен. наук, проф. Александра Шаравина
320 _aБиблиогр. в тексте
320 _aДр. кн. авт. на 4-й с. обл.
333 _a16+
606 1 _aМифология скандинавская
_91063554
_3RU\NLR\AUTH\6694701
686 1 _aЭ319.1(41,1),181
686 1 _aТ3(411)0-725
700 1 _8rus
_7ca
_aАкунов
_bВ. В.
_f1955-
_gВольфганг Викторович
_3RU\NLR\AUTH\7723415
_96468
942 _cBOOK
980 _aNB